| 000 | 00414nam a22001217a 4500 | ||
|---|---|---|---|
| 008 | 230629b xxu||||| |||| 00| 0 eng d | ||
| 082 | _a336.201 | ||
| 100 | _cFederal Reserve Bank of Boston | ||
| 245 |
_aEconomic Consequences of Tax Simplification _bProceedings of a conference Held at Melvin Village, New Hampshire October 1985 |
||
| 260 |
_bFederal Reserve Bank of Boston _c1985 |
||
| 300 | _a296 | ||
| 942 |
_2ddc _cBK |
||
| 999 |
_c2940 _d2940 |
||